000 00615nam a2200205Ia 4500
001 9794
003 GE_BSU
008 181216s||||||||xx |||||||||||||| ||und||
040 _cGE_BSU
080 _a821.353.1–1
100 _aნიშნიანიძე,შოთა
245 _aლექსები
245 _cრედ.შ.ფოფჩიძე.მხატვ.გ.გორდელაძე
260 _aთბილისი
260 _bსაბჭოთა საქართველო
260 _c1964
300 _a95გვ.16სმ.
653 _aლექსები
942 _cBK
999 _c43074
_d43074